Catálogo

CONTROVERSIA EDUCATIVA ENTRE LA IDEOLOGIA Y LA FE : (Registro nro. 57952)

Detalles MARC
000 -LEADER
fixed length control field 01171nam a2200205 a 4500
001 - CONTROL NUMBER
control field 57952
005 - DATE AND TIME OF LATEST TRANSACTION
control field 20180714054344.0
008 - FIXED-LENGTH DATA ELEMENTS--GENERAL INFORMATION
fixed length control field 140415s1991 mx 000 0 spa d
020 ## - INTERNATIONAL STANDARD BOOK NUMBER
International Standard Book Number 968292832X
041 ## - LANGUAGE CODE
Language code of text/sound track or separate title spa
082 ## - DEWEY DECIMAL CLASSIFICATION NUMBER
Classification number 379.72
Item number CAM
100 1# - MAIN ENTRY--PERSONAL NAME
Personal name CAMACHO SANDOVAL, SALVADOR
245 10 - TITLE STATEMENT
Title CONTROVERSIA EDUCATIVA ENTRE LA IDEOLOGIA Y LA FE :
Remainder of title LA EDUCACION SOCIALISTA EN LA HISTORIA DE AGUASCALIENTES, 1876 - 1940
250 ## - EDITION STATEMENT
Edition statement 1a ed.
260 ## - PUBLICATION, DISTRIBUTION, ETC.
Place of publication, distribution, etc. MEXICO :
Name of publisher, distributor, etc. CONSEJO NACIONAL PARA LA CULTURA Y LAS ARTES,
Date of publication, distribution, etc. 1991
300 ## - PHYSICAL DESCRIPTION
Extent 742
Dimensions 13.5 x 1.6 x 21
490 ## - SERIES STATEMENT
Series statement COLECCION TIERRA FIRME
520 ## - SUMMARY, ETC.
Summary, etc. ESTE TRABAJO DE SALVADOR CAMACHO SANDOVAL TRATA DE RECONSTRUIR LA RESPUESTA SOCIAL A ESTE PROYECTO EDUCATIVO DEL ESTADO EN EL CONTEXTO DE UNA SOCIEDAD REGIONAL. EL AUTOR MUESTRA, UTILIZANDO RICAS Y DIVERSAS FUENTES, CŇMO AMPLIOS SECTORES DE LA SOCIEDAD AGUASCALETENSE RECHAZARON ESTA POLĚTICA EDUCATIVA POR SU DISCURSO RADICAL Y ANTIRELIGIOSO; PERO TAMBIEN DOCUMENTA CŇMO LA EDUCACION SOCIALISTA ENCONTRŇ ECO ENTRE CAMPESINOS AGRARISTAS Y OBREROS SINDICALIZADOS QUE SE BENEFICIABAN CON LAS
650 14 - SUBJECT ADDED ENTRY--TOPICAL TERM
Topical term or geographic name entry element EDUCACION
General subdivision SOCIALISMO
-- CATOLICISMO
Existencias
Withdrawn status Lost status Source of classification or shelving scheme Damaged status Not for loan Collection code Home library Current library Shelving location Date acquired Source of acquisition Inventory number Total Checkouts Full call number Barcode Date last seen Date last checked out Price effective from Koha item type
    Dewey Decimal Classification     General Biblioteca Karol Wojtyla Biblioteca Karol Wojtyla Sala general 03/12/2013 Compra 151000000000000000044888 2 379.72 CAM 87446 05/01/2026 02/03/2019 03/12/2013 Libro